| 000 | 01081nam a2200265 a 4500 | ||
|---|---|---|---|
| 001 | 000013653 | ||
| 003 | DO-SdBNP | ||
| 005 | 20240925085245.0 | ||
| 008 | 091127s1969 dr 000 0 spa d | ||
| 040 |
_aDO-SdBNP _bspa _cBNPHU |
||
| 082 | 4 |
_a972.9302 _bM671t _222 |
|
| 100 | 1 |
_aMir, Pedro, _d1913-2000 _97245 |
|
| 245 | 1 | 0 |
_aTres leyendas de colores : _bensayo de interpretación de las tres primeras revoluciones del nuevo mundo / _cPedro Mir ; prólogo Rafael Altamira. |
| 260 |
_aSanto Domingo : _bEditora Nacional, _c1969. |
||
| 300 |
_a298 p. ; _c21 cm. |
||
| 600 | 1 | 4 |
_aRoldan, Francisco, _d1464-1502 _xLeyendas _931072 |
| 600 | 1 | 4 |
_aEnriquillo _ddd-1535 _xLeyendas _931073 |
| 650 | 4 |
_aNegros _zRepública Dominicana _92558 |
|
| 651 | 0 |
_aRepública Dominicana -- _xHistoria -- _yDescubrimiento y conquista, 1492-1503 _9255 |
|
| 651 | 0 |
_aRepública Dominicana -- _xHistoria -- _yColonia, 1503-1844 _911397 |
|
| 651 | 4 |
_aHaití _xHistoria _y1791 _99644 |
|
| 700 | 1 | 2 |
_aAltamira, Rafael, _d1866-1951 _epról. _931078 |
| 910 | _aValidado. Control de calidad MFF | ||
| 942 |
_2ddc _cLBS1 |
||
| 999 |
_c13267 _d13267 |
||